000 00424nam a2200169Ia 4500
001 3608
005 20260306145656.0
008 260306t9999||||xx |||||||||||||| ||spa||
041 _aESP
082 _a299.895
_bM12
100 _aMacCormack, Sabine
_eAUT
245 0 _aReligión en los Andes :
_bvisiones e imaginación en el Perú Colonial
300 _a
_c
650 _aGEN
654 _aCHU
942 _cLIB
_dJUS
_fJUS
_2ddc
_n
999 _c3608
_d3608